Hướng dẫn giảng dạy vật lí lớp 9 phổ thông

Wedi'i Gadw mewn:
Manylion Llyfryddiaeth
Prif Awdur: Trần Quốc Dương
Fformat: Llyfr
Iaith:Undetermined
Cyhoeddwyd: Hà Nội Giáo dục 1972
Pynciau:
Tagiau: Ychwanegu Tag
Dim Tagiau, Byddwch y cyntaf i dagio'r cofnod hwn!
Thư viện lưu trữ: Trung tâm Học liệu Trường Đại học Cần Thơ
LEADER 00624nam a2200181Ia 4500
001 CTU_6161
008 210402s9999 xx 000 0 und d
082 |a 372.7 
082 |b H561/L9 
100 |a Trần Quốc Dương 
245 0 |a Hướng dẫn giảng dạy vật lí lớp 9 phổ thông 
245 0 |c Trần Quốc Dương, Nguyễn Đức Thâm 
260 |a Hà Nội 
260 |b Giáo dục 
260 |c 1972 
650 |a physics - study and teaching ( elementary ) 
904 |i Nguyễn Quang Điền, 960813 
980 |a Trung tâm Học liệu Trường Đại học Cần Thơ